Getting started with geographic information systems / (Record no. 24646)

MARC details
000 -LEADER
fixed length control field 01107cam a22002534a 4500
001 - CONTROL NUMBER
control field 11996737
005 - DATE AND TIME OF LATEST TRANSACTION
control field 20010522104104.0
008 - FIXED-LENGTH DATA ELEMENTS--GENERAL INFORMATION
fixed length control field 000504s2001 njuab b 001 0 eng
010 ## - LIBRARY OF CONGRESS CONTROL NUMBER
LC control number 00034695
020 ## - INTERNATIONAL STANDARD BOOK NUMBER
International Standard Book Number 0130168297
040 ## - CATALOGING SOURCE
Original cataloging agency DLC
Transcribing agency DLC
Modifying agency DLC
050 00 - LIBRARY OF CONGRESS CALL NUMBER
Classification number G70.2
Item number .C53 2001
100 1# - MAIN ENTRY--PERSONAL NAME
Personal name Clarke, Keith C.,
Dates associated with a name 1955-
245 10 - TITLE STATEMENT
Title Getting started with geographic information systems /
Statement of responsibility, etc Keith C. Clarke.
250 ## - EDITION STATEMENT
Edition statement 3rd ed.
260 ## - PUBLICATION, DISTRIBUTION, ETC. (IMPRINT)
Place of publication, distribution, etc Upper Saddle River, N.J. :
Name of publisher, distributor, etc Prentice Hall,
Date of publication, distribution, etc c2001.
300 ## - PHYSICAL DESCRIPTION
Extent xiii, 352 p. :
Other physical details ill., maps ;
Dimensions 25 cm.
Accompanying material + 1 computer optical disc (4 3/4 in.)
440 #0 - SERIES STATEMENT/ADDED ENTRY--TITLE
Title Prentice Hall series in geographic information science
504 ## - BIBLIOGRAPHY, ETC. NOTE
Bibliography, etc Includes bibliographical references.
650 #0 - SUBJECT ADDED ENTRY--TOPICAL TERM
Topical term or geographic name as entry element Geographic information systems.
942 ## - ADDED ENTRY ELEMENTS (KOHA)
Source of classification or shelving scheme Library of Congress Classification
Item type Book
Holdings
Withdrawn status Lost status Source of classification or shelving scheme Damaged status Not for loan Collection code Home library Current library Shelving location Date acquired Total Checkouts Full call number Barcode Price effective from Koha item type
    Library of Congress Classification     Non-fiction Bishop Okullu Memorial Library (Limuru Campus) Bishop Okullu Memorial Library (Limuru Campus) General Circulation 15/12/2008   G70.2.C53 2001 019761 15/12/2008 Book